000 00575nam a2200229Ia 4500
003 OSt
005 20220926041913.0
006 a|||||r|||| 00| 0
007 ta
008 220923b |||||||| |||| 00| 0 eng d
037 _cGeneral Book
040 _aRTL
_cRTL
_beng
041 _2eng
_aeng
082 _aX7, J6 D&W
100 _aSaxena R. C.
245 0 _aPublic economics
260 _c1956
650 _aPublic Finance
700 _a Mathur P. C.
_950649
942 _hX7, J6 D&W
_cGB
_2CC
999 _c668379
_d668379